Tous les Produits Apple en 2023 - Statistiques

Statistiques générales
  • Ce quiz a été pris 874 fois
    591 depuis la dernière actualisation
  • Le résultat moyen est 12 sur 32
Statistiques - réponses
Indice Réponse % Correct
iPad Pro
78%
iPhone 14
73%
iPhone 13
70%
iPad Air
70%
iPhone 15
68%
Watch SE
62%
iPhone SE
58%
Mac MacBook Pro
53%
iPhone 15 Pro
51%
AirPods 2ᵉ génération
51%
Mac MacBook Air
51%
AirPods 3ᵉ génération
50%
iPhone 15 Pro Max
47%
AirPods Max
44%
iPad Mini
41%
iPad iPad
36%
iPhone 15 Plus
35%
Mac iMac
35%
iPhone 14 Plus
34%
Mac Mac Mini
26%
AirPods Pro 2ᵉ génération
26%
Watch Ultra
26%
Mac Mac Pro
24%
Vision (US only) Vision Pro
23%
TV & Maison HomePod
19%
Mac Mac Studio
15%
TV & Maison Apple TV 4K
12%
TV & Maison HomePod Mini
12%
Watch Series 8
12%
Watch Hermès
7%
Accessoires Pencil
7%
Watch Nike
6%
Aucun quiz correspondant
Distribution des résultats
% des personnes avec chaque résultat
Percentile par nombre de réponses
Votre historique - résultats
Vous n’avez pas pris ce quiz depuis la dernière actualisation